MARC details
| 000 -CABECERA |
| campo de control de longitud fija |
01073nam a2200241 a 4500 |
| 001 - NÚMERO DE CONTROL |
| campo de control |
000036385 |
| 005 - FECHA Y HORA DE LA ÚLTIMA TRANSACCIÓN |
| campo de control |
20200930075713.0 |
| 008 - DATOS DE LONGITUD FIJA--INFORMACIÓN GENERAL |
| campo de control de longitud fija |
120116s1984 sp 000 0 spa d |
| 020 ## - NÚMERO INTERNACIONAL ESTÁNDAR DEL LIBRO |
| Número Internacional Estándar del Libro |
8400058895 |
| 020 ## - NÚMERO INTERNACIONAL ESTÁNDAR DEL LIBRO |
| Número Internacional Estándar del Libro |
8400058887 (v. 1) |
| 040 ## - FUENTE DE LA CATALOGACIÓN |
| Centro catalogador/agencia de origen |
DO-SdBNP |
| Lengua de catalogación |
spa |
| Centro/agencia transcriptor |
BNPHU |
| 100 1# - ENTRADA PRINCIPAL--NOMBRE DE PERSONA |
| Nombre de persona |
Zurita, Jerónimo, |
| 9 (RLIN) |
62582 |
| 245 00 - MENCIÓN DE TÍTULO |
| Título |
Indices de las gestas de los reyes de aragón : |
| Resto del título |
desde comienzos del reinado al año 1410 / |
| Mención de responsabilidad, etc. |
compuestos por Jerónimo Zurita ; edición preparada por Angel Canellas López. |
| 260 ## - PUBLICACIÓN, DISTRIBUCIÓN, ETC. |
| Lugar de publicación, distribución, etc. |
Zaragoza : |
| Nombre del editor, distribuidor, etc. |
Institución "Fernando el Católico", |
| Fecha de publicación, distribución, etc. |
1984. |
| 300 ## - DESCRIPCIÓN FÍSICA |
| Extensión |
2 v. : |
| Otras características físicas |
il. ; |
| Dimensiones |
24 cm. |
| 490 1# - MENCIÓN DE SERIE |
| Mención de serie |
Publicación núm. 1,000 de la Institución "Fernando el Católico" |
| 500 ## - NOTA GENERAL |
| Nota general |
La biblioteca posee 1 y 2 |
| 505 2# - NOTA DE CONTENIDO CON FORMATO |
| Información miscelánea |
v.1 |
| Título |
Gesta de los reyes de Aragón |
| Información miscelánea |
v. 2 |
| Título |
Gesta de los reyes de Aragón |
| 700 1# - PUNTO DE ACCESO ADICIONAL--NOMBRE DE PERSONA |
| Nombre de persona |
Canellas López, Angel |
| 9 (RLIN) |
17608 |
| 710 2# - PUNTO DE ACCESO ADICIONAL--NOMBRE DE ENTIDAD CORPORATIVA |
| Nombre de entidad corporativa o nombre de jurisdicción como elemento de entrada |
Institución Fernando el Católico |
| 9 (RLIN) |
18578 |
| 740 1# - PUNTO DE ACCESO ADICIONAL--TÍTULO RELACIONADO O ANALÍTICO NO CONTROLADO |
| Título relacionado o analítico no controlado |
Gestas de los reyes de Aragón |
| -- |
Gerónimo Zurita |
| 830 #0 - PUNTO DE ACCESO ADICIONAL DE SERIE-TÍTULO UNIFORME |
| Título uniforme |
Publicación núm. 1,000 de la Institución "Fernando el Católico" |
| 9 (RLIN) |
62583 |